7-Letter B World Geo Blast Quiz Stats

 Plays Quiz not verified by Sporcle

Score 0/10 Timer 03:00
1 Play Today
% Correct
Belgium
85.4%
Bolivia
80.6%
Bahrain
79.1%
Bahamas
78%
Burundi
76.7%
Belarus
74.7%
Baghdad
63.9%
Bishkek
60.2%
Bangkok
60.1%
Beijing
56.5%

You're not logged in!

Compare scores with friends on all Sporcle quizzes.
OR
Log In

Show Comments

Extras

Top Quizzes Today


Score Distribution

Your Account Isn't Verified!

In order to create a playlist on Sporcle, you need to verify the email address you used during registration. Go to your Sporcle Settings to finish the process.

Report this User

Report this user for behavior that violates our Community Guidelines.

Details: